Africa's Most Valuable Resources - Statistics

General Stats
  • This quiz has been taken 59 times
  • The average score is 5 of 10
Answer Stats
Resource % Correct
Gold
89%
Oil
81%
Silver
74%
Diamonds
65%
Iron
54%
Copper
49%
Uranium
42%
Platinum
35%
Cobalt
26%
Natural Gas
23%
No matching quizzes found
Score Distribution
Percent of People with Each Score
Percentile by Number Answered
Your Score History
You have not taken this quiz